| 000 | 00382nam a22001577a 4500 | ||
|---|---|---|---|
| 020 | _a81-7301-633-X | ||
| 082 |
_a823 _bPRA/A |
||
| 100 | _aPRAKASH, VED | ||
| 245 |
_aANGRY _bCHARACTER BUILDING STORIES FOR CHILDREN |
||
| 260 |
_aDELHI _bDREAMLAND |
||
| 300 | _a24 | ||
| 520 | _aENGLISH SHORT STORY | ||
| 650 |
_aENGLISH SHORT STORY _zDELHI |
||
| 700 | _aPRAKASH, VED | ||
| 942 | _cBK | ||
| 999 |
_c5040 _d5040 |
||